00503nam a2200193Ia 4500003000400000005001700004008004100021020002200062040000700084041000800091082002200099100002300121245005300144260003900197300001800236365001300254440002400267650001800291OSt20230410163304.0210423s2017 xx 000 0 und d a978-93-81345-17-7 cAL aeng a305.42 223bBAGI aBAGCHI (Jasodhara) aInterrogating motherhoodcKRISHNARAJ (Maithreyi) aNew DelhibSage Publicationsc2017 axxvii,108bPB b325cINR aTheorizing feminism aWomen Studies